Largest European Cities on a Map by Letter - H - Statistics

General Stats
  • This quiz has been taken 354 times
  • The average score is 6 of 15
Answers on the Map
Answers color-coded by a green-red scale on the quiz's map according to % correct below.
 
Answer Stats
Pop. City % Correct
1.85m Hamburg
99%
651k Helsinki
98%
539k Hannover
78%
164k Heraklion
71%
163k Heidelberg
44%
160k Haarlem
43%
241k Halle
38%
173k Huddersfield
35%
145k Helsingborg
32%
144k Huelva
32%
180k Hamm
30%
188k Hagen
23%
157k Herne
17%
147k Haarlemmermeer
4%
244k Horivka
1%
No matching quizzes found
Score Distribution
Percent of People with Each Score
Percentile by Number Answered
Your Score History
You have not taken this quiz